banner-ar

الفكر الشرقى القديم (عالم المعرفة 199) / (Record no. 45667)

MARC details
000 -الفاتح
حقل البيانات ثابتة الطول 00658nam a2200205Ia 4500
008 - عناصر البيانات ثابتة الطول - معلومات عامة
حقل البيانات ثابتة الطول 140319s9999 xx 000 0 ara d
040 ## - مصدر الفهرسة
وكالة الفهرسة الأصلية GCL /
وكالة النسخ GCL
082 04 - رقم تصنيف ديوى العشرى
رقم التصنيف د
رقم المادة 050
100 1# - المدخل الرئيسى - إسم شخصى
الإسم الشخصى امام عبدالفتاح امام
245 10 - بيان العنوان
العنوان الفكر الشرقى القديم (عالم المعرفة 199) /
بيان المسئوليه,etc امام عبدالفتاح امام
700 1# - المدخل الاضافى - اسم شخصى
الإسم الشخصى كامل يوسف حسين
700 1# - المدخل الاضافى - اسم شخصى
الإسم الشخصى كولر, جون
300 ## - الوصف المادى
التعداد 464 ص
490 ## - بيان السلسلة
عنوان السلسلة عالم المعرفة
رقم المجلد/ التعيين التسلسلي 0
650 04 - المدخل الاضافى بالموضوع-مصطلح موضوعى
مصطلح موضوعي الفلسفة الشرقية
650 04 - المدخل الاضافى بالموضوع-مصطلح موضوعى
مصطلح موضوعي الفلسفة القديمة
650 04 - المدخل الاضافى بالموضوع-مصطلح موضوعى
مصطلح موضوعي الفلسفة الهندية
942 ## - عناصر المدخل الإضافي( كوها)
مصدر التصنيف او مخطط الترفيف Dewey Decimal Classification
Koha [default] item type كتاب
Holdings
حالة التراجع حالة الفقد حالة تلف ليس للاعارة المكان المؤقت الموقع الحالى تاريخ الاكتساب اجمالي اﻻعارات رقم الطلب الباركود تاريخ اخر مشاهدة تاريخ تفعيل السعر نوع وعاء كوها
        مكتبة القاهرة الكبرى مكتبة القاهرة الكبرى 03/26/2014   د\050 111408 03/26/2014 03/26/2014 كتاب

Powered By

EGPV